000 00242nam a22001097a 4500
999 _c260724
_d260723
020 _a9780545665384
100 _aBruce Hale
245 _aBig Bad- Detective Agency
260 _aNew York
_bScholastic
_c2015
300 _a120 pgs
942 _cBK